|
ห้องสมุด วิทยาลัยพยาบาลบรมราชชนนี อุดรธานี
Boromarajonani College of Nursing, Udonthani
|


|
mysqli: Table './ulib2015/stat_globaluid' is marked as crashed and last (automatic?) repair failed
select id from stat_globaluid where statuid='20260418193808_1465'
mysqli: Table './ulib2015/stat_globaluid' is marked as crashed and last (automatic?) repair failed
DELETE FROM stat_globaluid
WHERE id NOT IN (
SELECT id
FROM (
SELECT id
FROM stat_globaluid
ORDER BY id DESC
LIMIT 100
) foo
);
mysqli: Table './ulib2015/stat_globaluid' is marked as crashed and last (automatic?) repair failed
insert into stat_globaluid set
statuid='20260418193808_1465',
dt='1776515888',
phpself='/ULIB/dublinfull.php',
agent='Mozilla/5.0 AppleWebKit/537.36 (KHTML, like Gecko; compatible; ClaudeBot/1.0; +claudebot@anthropic.com)',
yea='2026',
mon='4',
dat='18',
ip='216.73.216.142'
| LEADER 00674nam 2200229 a 4500 |
| 001 9864 |
| 003 ULIBM |
| 008 200411s2535 th m a001 0 tha d |
| 050 4 ^a WS 100^bก344ก 2535.
|
| 245 10 ^aการดูแลลูกที่บ้าน (วิธีอธิบายให้มารดา) /^cกองวัณโรค.
|
| 250 ^aพิมพ์ครั้งที่ 7.
|
| 260 ^aกรุงเทพฯ:^bโรงพิมพ์การศาสนา,^c2535.
|
| 300 ^a 21 หน้า.
|
| 650 7 ^aการดูแลลูกที่บ้าน.
|
| 945 ^p0^l0^i5494 |
| 999 ^aลิขิตลักษณ์
|
| คุณยังไม่ได้ล็อกอิน คุณสามารถมีกิจกรรมร่วมกับเว็บไซต์ได้ แต่ต้องล็อกอินก่อน :: |
|
| ลำดับที่ |
ประเภท |
เลขเรียก/บาร์โค้ด |
สถานที่ |
สถานะ |
| 1. |
 หนังสือการพยาบาล | WS 100 ก344ก 2535. Barcode: 5494 | หนังสือทั่วไป | On Shelf |
| [แสดง 1/1 รายการ] |
mysqli: Can't create/write to file '/var/tmp/#sql_59d_0.MAI' (Errcode: 2)
select * from index_db where titl like '%การดูแลลูกที่บ้าน (วิธีอธิบายให้มารดา) / กองวัณโรค.%' and mid<>'9864' order by rand() limit 3
mysqli: Can't create/write to file '/var/tmp/#sql_59d_1.MAI' (Errcode: 2)
select * from index_db where subj like '%การดูแลลูกที่บ้าน.%' and mid<>'9864' order by rand() limit 3
|
ยังไม่เคยถูกคอมเมนท์
|
| คอมเมนท์ทรัพยากรรายการนี้ |
|